[Event "Schachfestival Basel 2014"]
[Site "Basel"]
[Date "2014.01.03"]
[Round "4.27"]
[White "Meier, Volker"]
[Black "Michaelis, Nico"]
[Result "1-0"]
[WhiteElo "2264"]
[BlackElo "2128"]
[PlyCount "107"]
[EventDate "2014.??.??"]
[EventRounds "7"]
[EventCountry "SUI"]
[SourceDate "2014.01.01"]

1. e4 c5 2. Nf3 d6 3. d4 cxd4 4. Qxd4 e5 5. Bb5+ Bd7 6. Bxd7+ Qxd7 7. Qd3 h6 8.
O-O Nf6 9. c4 Na6 10. Nc3 Nc5 11. Qe2 Be7 12. Re1 O-O 13. b4 Na4 14. Bd2 Nxc3
15. Bxc3 Rac8 16. Rac1 Rfe8 17. Nh4 g6 18. g3 Qh3 19. f3 Nh5 20. Ng2 Bd8 21.
Bd2 Bb6+ 22. Be3 Bxe3+ 23. Nxe3 Red8 24. Nd5 Kg7 25. Rc3 Qe6 26. Ra3 a6 27. Rd1
Nf6 28. Ne3 Rd7 29. Kg2 Rdc7 30. Rd2 Rc6 31. Rad3 Ne8 32. b5 axb5 33. cxb5 Rc1
34. Nd5 Ra1 35. Rc2 Rc1 36. Rxc1 Rxc1 37. Qb2 Rc5 38. Rc3 Nf6 39. Rxc5 dxc5 40.
Ne3 Kh7 41. a4 Nd7 42. a5 f6 43. Qa3 Qd6 44. Nd5 Nb8 45. Qa2 h5 46. Kf2 Kg7 47.
Ke2 Qe6 48. Kd3 Qh3 49. Qf2 Nd7 50. a6 bxa6 51. bxa6 Qe6 52. Qa2 Nb6 53. a7 Qc6
54. Nxb6 1-0

[Event "Schachfestival Basel 2014"]
[Site "Basel"]
[Date "2014.01.03"]
[Round "4.28"]
[White "Stankovic, Zeljko"]
[Black "Stoeri, Laura"]
[Result "0-1"]
[WhiteElo "2239"]
[BlackElo "2103"]
[PlyCount "61"]
[EventDate "2014.??.??"]
[EventRounds "7"]
[EventCountry "SUI"]
[SourceDate "2014.01.01"]

1. d4 Nf6 2. c4 e6 3. Nc3 Bb4 4. e3 O-O 5. Bd3 d5 6. Nf3 c5 7. O-O cxd4 8. exd4
dxc4 9. Bxc4 b6 10. Bg5 Bb7 11. Qe2 Nbd7 12. Ne5 Bxc3 13. bxc3 Rc8 14. Rac1
Nxe5 15. dxe5 Rc5 16. f4 Rxc4 17. exf6 g6 18. Rfd1 Qc7 19. Qd3 Qc5+ 20. Kh1 Qf2
21. Qh3 Rfc8 22. f5 exf5 23. Rg1 Rg4 24. Be3 Qxa2 25. Rcd1 h5 26. Rd2 Qe6 27.
Bd4 Re8 28. Qd3 h4 29. Rdd1 Qe2 30. Qxe2 Rxe2 31. h3 0-1

[Event "Schachfestival Basel 2014"]
[Site "Basel"]
[Date "2014.01.03"]
[Round "4.29"]
[White "Xheladini, Mahmut"]
[Black "Staechelin, Ruedi"]
[Result "1-0"]
[WhiteElo "2232"]
[BlackElo "2081"]
[PlyCount "105"]
[EventDate "2014.??.??"]
[EventRounds "7"]
[EventCountry "SUI"]
[SourceDate "2014.01.01"]

1. e4 d5 2. Nc3 dxe4 3. Nxe4 Qd5 4. Nc3 Qd6 5. Bc4 Nf6 6. h3 a6 7. Nf3 b5 8.
Bb3 Bb7 9. d4 e6 10. Be3 Nbd7 11. Qe2 c5 12. dxc5 Nxc5 13. Bxc5 Qxc5 14. O-O-O
Be7 15. Ne5 Qb6 16. Rhe1 Bc8 17. g4 O-O 18. h4 Bb4 19. g5 Ne8 20. Rd3 a5 21. a3
Bd6 22. f4 a4 23. Ba2 b4 24. axb4 a3 25. bxa3 Rxa3 26. Nc4 Bxf4+ 27. Kd1 Qxb4
28. Qf3 Rxa2 29. Nxa2 Qb1+ 30. Ke2 Qxc2+ 31. Nd2 Ba6 32. Qxf4 Qxa2 33. Rc1 Qa3
34. Nc4 Qa2+ 35. Rd2 Qb3 36. Kf2 f6 37. g6 hxg6 38. Qe4 Qh3 39. Ne3 Nd6 40. Qf4
e5 41. Qb4 Qh2+ 42. Ng2 Nf5 43. Rc7 Qg3+ 44. Kg1 Nd4 45. Rxd4 exd4 46. Qe7 Qxc7
47. Qxc7 d3 48. Nf4 Rc8 49. Qd7 Rc1+ 50. Kf2 Rc2+ 51. Kg3 Bc4 52. Qe8+ Kh7 53.
Qxg6+ 1-0

[Event "Schachfestival Basel 2014"]
[Site "Basel"]
[Date "2014.01.03"]
[Round "4.30"]
[White "Kaspereit, Holger"]
[Black "Curien, Nicolas"]
[Result "1/2-1/2"]
[WhiteElo "2070"]
[BlackElo "2205"]
[PlyCount "81"]
[EventDate "2014.??.??"]
[EventRounds "7"]
[EventCountry "SUI"]
[SourceDate "2014.01.01"]

1. c4 e5 2. g3 Nf6 3. Nc3 Bb4 4. Nd5 Bc5 5. e3 c6 6. Nxf6+ Qxf6 7. Bg2 O-O 8.
Ne2 Rd8 9. d4 Bb4+ 10. Bd2 Bxd2+ 11. Qxd2 d6 12. O-O Bg4 13. h3 Be6 14. Rac1
Na6 15. Kh2 d5 16. c5 e4 17. b4 Nc7 18. a4 a6 19. Nc3 h5 20. f4 exf3 21. Bxf3
h4 22. g4 Qg5 23. Ne2 f6 24. Nf4 Bf7 25. Qf2 Re8 26. Ng2 Re7 27. Qxh4 Qxh4 28.
Nxh4 g6 29. Ng2 Kg7 30. Be2 Ne6 31. Bd3 Ng5 32. h4 Ne4 33. Bxe4 Rxe4 34. Rf4
Rae8 35. Rcf1 Rxf4 36. Rxf4 g5 37. hxg5 fxg5 38. Rf2 Bg6 39. Kg3 Be4 40. Ne1
Bg6 41. Re2 1/2-1/2

[Event "Schachfestival Basel 2014"]
[Site "Basel"]
[Date "2014.01.03"]
[Round "4.31"]
[White "Rahnfeld, Jens"]
[Black "Hund, Barbara"]
[Result "1/2-1/2"]
[WhiteElo "2047"]
[BlackElo "2161"]
[PlyCount "65"]
[EventDate "2014.??.??"]
[EventRounds "7"]
[EventCountry "SUI"]
[SourceDate "2014.01.01"]

1. e4 e5 2. Nf3 Nc6 3. Bb5 a6 4. Bxc6 dxc6 5. O-O Bg4 6. h3 h5 7. d3 Qf6 8.
Nbd2 Ne7 9. Nc4 Bxf3 10. Qxf3 Qxf3 11. gxf3 Ng6 12. Rd1 O-O-O 13. Be3 Be7 14.
a4 f6 15. Kf1 Nh4 16. Ke2 g5 17. c3 Rhe8 18. d4 Bd6 19. Rd3 Ng6 20. Rad1 exd4
21. cxd4 b6 22. Nd2 c5 23. dxc5 Bxc5 24. Nb3 Rxd3 25. Rxd3 Bd6 26. Nd2 Bf4 27.
b3 Rd8 28. Rc3 Kb7 29. Rc2 Bd6 30. Nc4 Bb4 31. Nb2 a5 32. Nd3 Bd6 33. Rc1
1/2-1/2

[Event "Schachfestival Basel 2014"]
[Site "Basel"]
[Date "2014.01.03"]
[Round "4.32"]
[White "Pfister, Peter"]
[Black "Stets, Dmitry"]
[Result "0-1"]
[WhiteElo "2102"]
[BlackElo "2410"]
[PlyCount "150"]
[EventDate "2014.??.??"]
[EventRounds "7"]
[EventCountry "SUI"]
[SourceDate "2014.01.01"]

1. d4 Nf6 2. Nf3 g6 3. c4 Bg7 4. Nc3 O-O 5. e4 d6 6. Be2 e5 7. O-O Nc6 8. d5
Ne7 9. b4 Nh5 10. c5 Nf4 11. Nd2 Nxe2+ 12. Qxe2 f5 13. cxd6 cxd6 14. Nc4 a6 15.
f3 Bd7 16. Be3 Nc8 17. a4 f4 18. Bf2 g5 19. Rfb1 g4 20. Kf1 Bf6 21. b5 Bh4 22.
bxa6 bxa6 23. Rb7 Rf7 24. Rab1 Qg5 25. Ke1 gxf3 26. Qxf3 Bg4 27. Bxh4 Qxh4+ 28.
g3 Qh3 29. Qf2 Ra7 30. Rxa7 Rxa7 31. Rb8 fxg3 32. Qf6 Qh5 33. hxg3 Rf7 34. Qh4
Qxh4 35. gxh4 Rc7 36. Ne3 Bd7 37. Kd2 Kf7 38. Kd3 Kg6 39. Rb1 Kh5 40. Nc4 Bh3
41. Rh1 Bg2 42. Rg1 Rg7 43. Ne2 Rg4 44. Nd2 Ne7 45. Ke3 Kxh4 46. Kf2 Kh3 47.
Rc1 Rg7 48. Rc3+ Kh4 49. Ng3 Bh3 50. Nf3+ Kg4 51. Nh2+ Kg5 52. Nf3+ Kh6 53. Rc1
Bg4 54. Rh1+ Kg6 55. Nh4+ Kg5 56. Nhf5 Nxf5 57. Nxf5 Bxf5 58. exf5 Kxf5 59. Rh6
Rd7 60. Ke3 Kg5 61. Re6 h5 62. Ke4 h4 63. Re8 Rh7 64. Rg8+ Kf6 65. Rd8 h3 66.
Rxd6+ Kg5 67. Rc6 h2 68. Rc1 h1=Q+ 69. Rxh1 Rxh1 70. Kxe5 Re1+ 71. Kd6 Kf6 72.
Kc7 Ke5 73. Kb6 Kxd5 74. Kxa6 Kc6 75. a5 Re5 0-1

[Event "Schachfestival Basel 2014"]
[Site "Basel"]
[Date "2014.01.03"]
[Round "4.33"]
[White "Schwierskott, Marc"]
[Black "Strauss, Juergen"]
[Result "1-0"]
[WhiteElo "2237"]
[BlackElo "2101"]
[PlyCount "123"]
[EventDate "2014.??.??"]
[EventRounds "7"]
[EventCountry "SUI"]
[SourceDate "2014.01.01"]

1. c4 e5 2. Nc3 Nc6 3. Nf3 g6 4. d4 exd4 5. Nxd4 Bg7 6. Nxc6 bxc6 7. g3 Ne7 8.
Bg2 d6 9. O-O O-O 10. e4 Be6 11. Qd3 Qc8 12. Bg5 f6 13. Be3 Rd8 14. Rfd1 a5 15.
b3 Rd7 16. Rac1 Qe8 17. Qf1 Qf7 18. Na4 Rad8 19. Qe1 g5 20. Qxa5 h6 21. Qe1 Qh5
22. Rd2 Ng6 23. f4 gxf4 24. gxf4 f5 25. Qe2 Qh4 26. Qf2 Qf6 27. Bh3 Kh7 28. Kh1
Rg8 29. Rg1 Rf7 30. Bd4 Qe7 31. Bxg7 Rgxg7 32. Nc3 Qf6 33. exf5 Bxf5 34. Bxf5
Qxf5 35. Qe1 Qxf4 36. Rdg2 Re7 37. Qg3 Qd4 38. Ne2 Qe4 39. Nc3 Qd4 40. Qh3 d5
41. Ne2 Qe4 42. Ng3 Qf3 43. Qf5 Ref7 44. Qxf3 Rxf3 45. Ne2 Rf6 46. c5 Re7 47.
Nd4 Re4 48. Rd2 Ne5 49. a4 Ng4 50. Rg3 h5 51. h3 Re1+ 52. Rg1 Rxg1+ 53. Kxg1
Ne5 54. Kg2 Kg6 55. a5 Rf8 56. Re2 Nd3 57. Re6+ Kg5 58. Rxc6 Rf2+ 59. Kg1 Ra2
60. Rxc7 Kf4 61. Rf7+ Ke4 62. Nb5 1-0

[Event "Schachfestival Basel 2014"]
[Site "Basel"]
[Date "2014.01.03"]
[Round "4.34"]
[White "Cremer, Kevin"]
[Black "Mueller, Daniel"]
[Result "1-0"]
[WhiteElo "2177"]
[BlackElo "2100"]
[PlyCount "101"]
[EventDate "2014.??.??"]
[EventRounds "7"]
[EventCountry "SUI"]
[SourceDate "2014.01.01"]

1. d4 d5 2. Nf3 Nf6 3. e3 e6 4. Bd3 Bd6 5. O-O Nc6 6. c4 dxc4 7. Bxc4 O-O 8.
Nc3 a6 9. e4 e5 10. d5 Ne7 11. h3 h6 12. Be3 Kh7 13. Be2 Ng6 14. Nd2 Qe7 15.
Rc1 Ne8 16. Bg4 Qh4 17. Bf5 Bxf5 18. exf5 Ne7 19. Qf3 Qb4 20. Nde4 f6 21. Rc2
Qa5 22. Rd1 Bb4 23. a3 Bxc3 24. Rxc3 Nd6 25. b4 Nxe4 26. bxa5 Nxc3 27. Bc5 Nxd1
28. Bxe7 Rfe8 29. Bb4 Nb2 30. Qb3 Rad8 31. Qxb2 Rxd5 32. Qb3 Red8 33. Kh2 R8d7
34. Qg3 c5 35. Qg6+ Kh8 36. Bxc5 Rd8 37. Bb6 R8d7 38. Qe8+ Kh7 39. Qg6+ Kh8 40.
h4 Re7 41. g4 Red7 42. Be3 R5d6 43. g5 fxg5 44. Qe8+ Kh7 45. hxg5 hxg5 46. Bxg5
Rd5 47. Be7 Rd2 48. Kg2 R7d4 49. Qg6+ Kh8 50. f6 gxf6 51. Bxf6# 1-0

[Event "Schachfestival Basel 2014"]
[Site "Basel"]
[Date "2014.01.03"]
[Round "4.35"]
[White "Boesch, Udo"]
[Black "Haener, Philippe"]
[Result "1/2-1/2"]
[WhiteElo "2081"]
[BlackElo "2169"]
[PlyCount "40"]
[EventDate "2014.??.??"]
[EventRounds "7"]
[EventCountry "SUI"]
[SourceDate "2014.01.01"]

1. c4 e6 2. g3 d5 3. Bg2 Nf6 4. Nf3 Be7 5. O-O O-O 6. Qc2 c5 7. d3 Nc6 8. a3 b6
9. e3 Bb7 10. Nbd2 Qd7 11. b3 d4 12. e4 e5 13. Rb1 Qc7 14. h3 Ne8 15. Qd1 a5
16. Nh2 Nd6 17. g4 Bg5 18. Re1 Qe7 19. Nhf3 Bf4 20. Nf1 g5 1/2-1/2

[Event "Schachfestival Basel 2014"]
[Site "Basel"]
[Date "2014.01.03"]
[Round "4.36"]
[White "Seidler, Lukas"]
[Black "Ernst, Rolf"]
[Result "1-0"]
[WhiteElo "2168"]
[BlackElo "2068"]
[PlyCount "61"]
[EventDate "2014.??.??"]
[EventRounds "7"]
[EventCountry "SUI"]
[SourceDate "2014.01.01"]

1. e4 c5 2. Nf3 d6 3. d4 cxd4 4. Nxd4 Nf6 5. Nc3 a6 6. Be3 e5 7. Nb3 b5 8. a4
b4 9. Nd5 Nbd7 10. Nxb4 Bb7 11. f3 Be7 12. Bc4 Nb6 13. Be2 d5 14. Nxd5 Nbxd5
15. exd5 Nxd5 16. Bf2 Qc7 17. O-O O-O 18. Re1 Rad8 19. Qc1 Nb4 20. c3 Nd3 21.
Bxd3 Rxd3 22. Qc2 Rfd8 23. Rad1 e4 24. Nd4 R3xd4 25. Rxd4 Rxd4 26. Bxd4 exf3
27. gxf3 Bf8 28. Qf5 Bc6 29. Re2 Bxa4 30. Rg2 Bc6 31. Qf6 1-0

[Event "Schachfestival Basel 2014"]
[Site "Basel"]
[Date "2014.01.03"]
[Round "4.37"]
[White "Budisin, Stanislav"]
[Black "Naarden, Amindo"]
[Result "1-0"]
[WhiteElo "2149"]
[BlackElo "2100"]
[PlyCount "109"]
[EventDate "2014.??.??"]
[EventRounds "7"]
[EventCountry "SUI"]
[SourceDate "2014.01.01"]

1. d4 c5 2. e3 cxd4 3. exd4 Nf6 4. Nf3 d5 5. Bd3 e6 6. O-O Be7 7. Bg5 Nc6 8. c3
O-O 9. Nbd2 h6 10. Bh4 Nh7 11. Bxe7 Qxe7 12. Qe2 Nf6 13. Ne5 Nxe5 14. dxe5 Nd7
15. f4 Nc5 16. Bc2 b6 17. Rf3 Ba6 18. Qf2 f5 19. exf6 Qxf6 20. Re1 Rac8 21. Bb1
Na4 22. Nb3 Nc5 23. Nd4 Bb7 24. Re5 Ne4 25. Bxe4 dxe4 26. Rg3 Qxe5 27. fxe5
Rxf2 28. Kxf2 Kf7 29. Nb5 Kf8 30. Nd6 Rc7 31. Ke3 Bd5 32. a3 Rc5 33. Kd4 e3 34.
c4 e2 35. Re3 e1=Q 36. Rxe1 Bxg2 37. Re2 Bh3 38. b4 Rc7 39. c5 g6 40. a4 Ke7
41. a5 bxa5 42. bxa5 Kd7 43. Rf2 Kc6 44. Rf6 Rg7 45. Rf8 h5 46. Rc8+ Rc7 47.
Rg8 Bf5 48. h4 Bb1 49. Rb8 Ba2 50. a6 Rd7 51. Rc8+ Rc7 52. Rxc7+ Kxc7 53. Nb5+
Kb8 54. c6 Bb1 55. Nxa7 1-0

[Event "Schachfestival Basel 2014"]
[Site "Basel"]
[Date "2014.01.03"]
[Round "4.38"]
[White "Eidinger, Helmut"]
[Black "Bender, Dirk"]
[Result "0-1"]
[WhiteElo "2143"]
[BlackElo "2058"]
[PlyCount "84"]
[EventDate "2014.??.??"]
[EventRounds "7"]
[EventCountry "SUI"]
[SourceDate "2014.01.01"]

1. e4 c5 2. Nf3 g6 3. Nc3 Bg7 4. d4 cxd4 5. Nxd4 Nc6 6. Be3 Nf6 7. Bc4 Qa5 8.
O-O Qb4 9. Bb3 Nxe4 10. Nxe4 Nxd4 11. c3 Ne2+ 12. Qxe2 Qxe4 13. Rad1 e6 14. Qd2
O-O 15. Rfe1 Qc6 16. Bd4 b6 17. Bxg7 Kxg7 18. Qd4+ f6 19. Bc2 Rf7 20. Re3 Bb7
21. Rg3 Rc8 22. Qe3 f5 23. Qd4+ Kg8 24. Ba4 b5 25. Bb3 Qc5 26. Qd2 f4 27. Rg4
Qf5 28. f3 h5 29. Rh4 Bxf3 30. gxf3 Qg5+ 31. Kh1 Qxh4 32. Rg1 Qf6 33. Bc2 Rg7
34. Qd3 b4 35. cxb4 Qxb2 36. Ba4 Qc3 37. Qd1 Rd8 38. Bc2 g5 39. Bb3 Qc6 40. b5
Qb6 41. a4 g4 42. Qd3 Qe3 0-1

[Event "Schachfestival Basel 2014"]
[Site "Basel"]
[Date "2014.01.03"]
[Round "4.39"]
[White "Deubelbeiss, Rene"]
[Black "Orizondo, Hugo"]
[Result "1/2-1/2"]
[WhiteElo "2046"]
[BlackElo "2140"]
[PlyCount "146"]
[EventDate "2014.??.??"]
[EventRounds "7"]
[EventCountry "SUI"]
[SourceDate "2014.01.01"]

1. c4 Nf6 2. g3 e6 3. Bg2 d5 4. Nf3 Nbd7 5. O-O dxc4 6. Na3 Bxa3 7. bxa3 Nb6 8.
a4 a5 9. Ba3 Bd7 10. Ne5 Bxa4 11. Qc1 Nfd5 12. Nxc4 Nxc4 13. Qxc4 Bc6 14. Qg4
Qf6 15. Rab1 h5 16. Qc4 Rd8 17. Rfc1 h4 18. Rxb7 Bd7 19. e4 hxg3 20. hxg3 Nb4
21. Bxb4 axb4 22. Qxb4 Qe7 23. Qxe7+ Kxe7 24. Rcxc7 e5 25. Ra7 Kd6 26. a4 Be6
27. Bf1 Rc8 28. Rxc8 Rxc8 29. Ra6+ Kc5 30. Bb5 Rd8 31. d3 g5 32. Kf1 Rh8 33.
Ke2 Rh1 34. Rc6+ Kd4 35. Rd6+ Kc5 36. Rd8 Ra1 37. Bd7 Bb3 38. Be8 Ra2+ 39. Ke1
Ra1+ 40. Kd2 Be6 41. Rb8 Ra2+ 42. Ke3 Ra1 43. Rb5+ Kd6 44. Rb2 Re1+ 45. Re2 Ra1
46. Rb2 Re1+ 47. Kd2 Ra1 48. Bb5 Kc5 49. Ke3 Re1+ 50. Re2 Rc1 51. Kd2 Ra1 52.
Re1 Ra2+ 53. Ke3 Rc2 54. Ra1 g4 55. Be8 Kb4 56. a5 Rc8 57. Ba4 Ra8 58. Bc6 Rxa5
59. Rxa5 Kxa5 60. d4 f6 61. d5 Kb6 62. Be8 Bc8 63. Kd3 Kc5 64. Kc3 f5 65. exf5
Bxf5 66. Bf7 Be4 67. Be6 Bf3 68. Kd2 Kd6 69. Ke3 Kc5 70. Kd3 Kd6 71. Kc4 Be2+
72. Kb4 Bf3 73. Kb5 Be2+ 1/2-1/2

[Event "Schachfestival Basel 2014"]
[Site "Basel"]
[Date "2014.01.03"]
[Round "4.40"]
[White "Wirz, Heinz"]
[Black "Paul, Mathias"]
[Result "0-1"]
[WhiteElo "2140"]
[BlackElo "2053"]
[PlyCount "82"]
[EventDate "2014.??.??"]
[EventRounds "7"]
[EventCountry "SUI"]
[SourceDate "2014.01.01"]

1. d4 Nf6 2. c4 g6 3. Nc3 Bg7 4. Nf3 O-O 5. g3 c5 6. Bg2 cxd4 7. Nxd4 Qc7 8. b3
d5 9. O-O dxc4 10. Ndb5 Qa5 11. b4 Qxb4 12. Ba3 Qa5 13. Bxe7 Re8 14. Qd6 Nc6
15. Bxc6 bxc6 16. Bxf6 Bxf6 17. Qxf6 cxb5 18. Nd5 Qd8 19. Qd4 Re6 20. Rfd1 Bb7
21. e4 Bxd5 22. exd5 Rd6 23. h4 h5 24. Rab1 Qd7 25. Qc5 a6 26. Rd2 Rc8 27. Qd4
c3 28. Rd3 Rc4 29. Qe5 b4 30. Qg5 Kg7 31. Re1 a5 32. Re7 Qf5 33. Qxf5 gxf5 34.
Re1 a4 35. Rc1 Kf6 36. f4 Ke7 37. Kf2 Rb6 38. Ke3 b3 39. axb3 axb3 40. d6+ Kd7
41. Ra1 Rb7 0-1

[Event "Schachfestival Basel 2014"]
[Site "Basel"]
[Date "2014.01.03"]
[Round "4.41"]
[White "Jud, Marc"]
[Black "Beyer, Felix"]
[Result "1/2-1/2"]
[WhiteElo "2036"]
[BlackElo "2136"]
[PlyCount "87"]
[EventDate "2014.??.??"]
[EventRounds "7"]
[EventCountry "SUI"]
[SourceDate "2014.01.01"]

1. Nf3 Nf6 2. d4 g6 3. g3 Bg7 4. Bg2 O-O 5. O-O d5 6. c4 c6 7. cxd5 cxd5 8. Nc3
Nc6 9. a3 Ne4 10. e3 Nxc3 11. bxc3 Bg4 12. h3 Bf5 13. Nh4 Be6 14. f4 f5 15. Rb1
Na5 16. Nf3 b6 17. Re1 Rc8 18. Qd3 Qd6 19. Nd2 Rc7 20. Bb2 Rb8 21. Rec1 b5 22.
Bf1 Bd7 23. Qc2 Nc4 24. Nxc4 bxc4 25. Ra1 Rcb7 26. Rcb1 Rb3 27. Qc1 Qb6 28. Ra2
Ba4 29. Bg2 Rb5 30. Qd2 Bf8 31. g4 e6 32. Bf3 Qd6 33. g5 R8b7 34. h4 Qb8 35. h5
Bb3 36. Raa1 Bc2 37. Qxc2 Rxb2 38. Rxb2 Rxb2 39. Qa4 Rb1+ 40. Rxb1 Qxb1+ 41.
Kf2 Qb2+ 42. Be2 Qxa3 43. Qe8 Qe7 44. Qa4 1/2-1/2

[Event "Schachfestival Basel 2014"]
[Site "Basel"]
[Date "2014.01.03"]
[Round "4.42"]
[White "Stahl, Clement"]
[Black "Goettelmann, Guillaume"]
[Result "1/2-1/2"]
[WhiteElo "2127"]
[BlackElo "2045"]
[PlyCount "61"]
[EventDate "2014.??.??"]
[EventRounds "7"]
[EventCountry "SUI"]
[SourceDate "2014.01.01"]

1. e4 e5 2. Be2 Nc6 3. Nf3 Nf6 4. d3 Be7 5. O-O O-O 6. c3 d5 7. Nbd2 h6 8. Re1
dxe4 9. dxe4 Be6 10. Qc2 Nd7 11. Nf1 Nb6 12. Ng3 a5 13. Bb5 Bd6 14. Nf5 Ne7 15.
Nxd6 cxd6 16. Be3 Nc4 17. Bxc4 Bxc4 18. Rad1 Qc7 19. Nd2 Be6 20. f4 exf4 21.
Bxf4 Qb6+ 22. Kh1 d5 23. e5 Bf5 24. Qc1 Rac8 25. Nf3 Be4 26. Nd4 Nc6 27. Nxc6
Qxc6 28. Rd4 f5 29. exf6 Qxf6 30. Be3 Rce8 31. Qd2 1/2-1/2

[Event "Schachfestival Basel 2014"]
[Site "Basel"]
[Date "2014.01.03"]
[Round "4.43"]
[White "Tueckmantel, Rene"]
[Black "Viaggi, Stefano"]
[Result "0-1"]
[WhiteElo "2122"]
[BlackElo "2033"]
[PlyCount "108"]
[EventDate "2014.??.??"]
[EventRounds "7"]
[EventCountry "SUI"]
[SourceDate "2014.01.01"]

1. c4 g6 2. g3 Bg7 3. Bg2 e5 4. Nc3 Nc6 5. d3 d6 6. e4 Nge7 7. Nge2 O-O 8. O-O
Nd4 9. Be3 c6 10. b4 f5 11. Rb1 Be6 12. f3 Qd7 13. Qd2 fxe4 14. Nxe4 Nef5 15.
Bf2 Bh6 16. f4 Nxe2+ 17. Qxe2 exf4 18. g4 Ne7 19. Bf3 Rae8 20. Bd4 Bg7 21. Bxg7
Kxg7 22. Qb2+ Kg8 23. h3 d5 24. Nf6+ Rxf6 25. Qxf6 dxc4 26. dxc4 Bxc4 27. Rfe1
Nd5 28. Qd4 b5 29. Re4 g5 30. a3 Rxe4 31. Bxe4 Qg7 32. Qxg7+ Kxg7 33. Re1 h6
34. Bf5 Ne3 35. Bd7 Bd5 36. Kf2 Kf6 37. Rc1 Nc4 38. Ra1 Ke7 39. Bf5 Kd6 40. a4
a6 41. Bc8 bxa4 42. Bxa6 Nb2 43. Be2 Bb3 44. Ke1 Kd5 45. Kd2 Kd4 46. b5 cxb5
47. Bxb5 Kc5 48. Kc1 Kxb5 49. Kxb2 Kc4 50. h4 Kd3 51. hxg5 hxg5 52. Rh1 f3 53.
Rh6 f2 54. Rf6 Ke2 0-1

[Event "Schachfestival Basel 2014"]
[Site "Basel"]
[Date "2014.01.03"]
[Round "4.44"]
[White "Arounopoulos, Stephan"]
[Black "Perman, Torvald"]
[Result "1-0"]
[WhiteElo "2112"]
[BlackElo "2015"]
[PlyCount "81"]
[EventDate "2014.??.??"]
[EventRounds "7"]
[EventCountry "SUI"]
[SourceDate "2014.01.01"]

1. d4 Nf6 2. c4 e6 3. Nf3 b6 4. a3 Bb7 5. Nc3 d5 6. cxd5 exd5 7. g3 Be7 8. Bg2
O-O 9. O-O Re8 10. b4 c6 11. Qb3 Nbd7 12. Bf4 Nf8 13. Rfd1 Bd6 14. Bxd6 Qxd6
15. Rac1 N8d7 16. a4 a5 17. b5 c5 18. dxc5 bxc5 19. Nh4 Qb6 20. Nxd5 Nxd5 21.
Bxd5 Bxd5 22. Qxd5 Nf6 23. Qxc5 Qxc5 24. Rxc5 Rxe2 25. Rdc1 g6 26. Rc8+ Re8 27.
Rxa8 Rxa8 28. Nf3 Nd5 29. Rc6 Kf8 30. Ne5 Ke7 31. f4 f6 32. Nc4 Ra7 33. Kf2 Nb4
34. Rc8 Nd5 35. Kf3 Ke6 36. Rc6+ Ke7 37. Nb6 Nxb6 38. Rxb6 Rc7 39. Ra6 Rc3+ 40.
Kg2 Rc2+ 41. Kh3 1-0

[Event "Schachfestival Basel 2014"]
[Site "Basel"]
[Date "2014.01.03"]
[Round "4.45"]
[White "Wimmer, Olivier"]
[Black "O'Donnell, Conor"]
[Result "1-0"]
[WhiteElo "2023"]
[BlackElo "2112"]
[PlyCount "109"]
[EventDate "2014.??.??"]
[EventRounds "7"]
[EventCountry "SUI"]
[SourceDate "2014.01.01"]

1. d4 d5 2. Nf3 c6 3. g3 Nf6 4. Bg2 Bf5 5. O-O e6 6. c4 Nbd7 7. b3 h6 8. Bb2
Be7 9. Nc3 O-O 10. Re1 Qb6 11. c5 Qc7 12. b4 Ne4 13. Nd2 Nxd2 14. Qxd2 Nf6 15.
a4 b6 16. Ba3 bxc5 17. dxc5 Rad8 18. b5 Nd7 19. bxc6 Qxc6 20. e4 dxe4 21. Nxe4
Nxc5 22. Qe3 Bxe4 23. Bxe4 Qc7 24. Rec1 Rc8 25. Rc4 f5 26. Bg2 f4 27. gxf4 Bd6
28. Rac1 Bxf4 29. Rxf4 Qxf4 30. Bxc5 Qxe3 31. Bxe3 Rxc1+ 32. Bxc1 Rd8 33. Bf3
Rd4 34. a5 Ra4 35. Bd2 Ra2 36. Be1 Kf7 37. Bb7 Ra1 38. Kf1 e5 39. a6 Ke6 40.
Ke2 Kd6 41. Bd2 Kc7 42. Be3 Kb8 43. Bc5 Ra2+ 44. Ke3 Kc7 45. Bxa7 Ra4 46. Bc5
g5 47. Kd3 h5 48. Kc3 g4 49. Kb3 Ra1 50. Kc4 e4 51. Kb5 Rb1+ 52. Bb4 e3 53.
fxe3 Rb2 54. Bd5 Kb8 55. Ka5 1-0

[Event "Schachfestival Basel 2014"]
[Site "Basel"]
[Date "2014.01.03"]
[Round "4.46"]
[White "Heinis, Vincent"]
[Black "Moos, Gerd"]
[Result "1/2-1/2"]
[WhiteElo "2111"]
[BlackElo "1967"]
[PlyCount "33"]
[EventDate "2014.??.??"]
[EventRounds "7"]
[EventCountry "SUI"]
[SourceDate "2014.01.01"]

1. Nf3 d5 2. c4 c6 3. e3 Bg4 4. cxd5 Bxf3 5. Qxf3 cxd5 6. b3 e6 7. Bb2 Nf6 8.
Nc3 Nc6 9. Rc1 Be7 10. Bb5 O-O 11. O-O Rc8 12. Na4 Qa5 13. Qe2 Ne4 14. f3 Nd6
15. Bd3 Nb4 16. Bb1 Qa6 17. Qxa6 1/2-1/2

[Event "Schachfestival Basel 2014"]
[Site "Basel"]
[Date "2014.01.03"]
[Round "4.47"]
[White "Kamber, Adrian"]
[Black "Berset, Philippe"]
[Result "1-0"]
[WhiteElo "1997"]
[BlackElo "2109"]
[PlyCount "73"]
[EventDate "2014.??.??"]
[EventRounds "7"]
[EventCountry "SUI"]
[SourceDate "2014.01.01"]

1. d4 Nf6 2. Nf3 c5 3. c3 g6 4. Bf4 Bg7 5. h3 O-O 6. e3 cxd4 7. exd4 d6 8. Bc4
Nc6 9. O-O Bf5 10. Re1 d5 11. Bf1 Qb6 12. Qb3 Qxb3 13. axb3 Ne4 14. b4 a6 15.
Nbd2 Nxd2 16. Nxd2 f6 17. g4 Bd7 18. Bg2 e6 19. Nb3 Rae8 20. Nc5 Bc8 21. Bd6
Kf7 22. Bxf8 Bxf8 23. Nd3 Rd8 24. Re2 Rd6 25. f4 h6 26. Rae1 Bg7 27. Kh1 Bd7
28. Nc5 Bc8 29. Rf2 b6 30. Nd3 a5 31. bxa5 Nxa5 32. Nb4 Bb7 33. Rfe2 Rd7 34.
Rxe6 Nc4 35. b3 Nd2 36. Rxb6 Ne4 37. Ra1 1-0

[Event "Schachfestival Basel 2014"]
[Site "Basel"]
[Date "2014.01.03"]
[Round "4.48"]
[White "Heer, Stephan"]
[Black "Engesser, Jonas"]
[Result "1-0"]
[WhiteElo "2106"]
[BlackElo "1847"]
[PlyCount "72"]
[EventDate "2014.??.??"]
[EventRounds "7"]
[EventCountry "SUI"]
[SourceDate "2014.01.01"]

1. e4 c5 2. Nf3 d6 3. g3 Nc6 4. Bg2 g6 5. O-O Bg7 6. c3 e5 7. a3 Nge7 8. d3 O-O
9. b4 f5 10. b5 Na5 11. c4 fxe4 12. dxe4 Nxc4 13. Qb3 d5 14. exd5 e4 15. Ng5
Bxa1 16. Qxc4 Qxd5 17. Qc2 Bf5 18. g4 Bxg4 19. Bxe4 Qd7 20. Qa2+ c4 21. Qxa1 h6
22. Qe5 hxg5 23. Bb2 Nf5 24. Bxb7 Kh7 25. Bxa8 Rxa8 26. Qe4 Qxb5 27. Bc3 Rf8
28. Qxg4 Nh4 29. Nd2 Qb7 30. f3 Rf4 31. Qxg5 Qb6+ 32. Kh1 Qe3 33. Qe5 Qxe5 34.
Bxe5 Rf5 35. f4 g5 36. Ne4 gxf4 1-0

[Event "Schachfestival Basel 2014"]
[Site "Basel"]
[Date "2014.01.03"]
[Round "4.49"]
[White "Pfau, Michael"]
[Black "Viennot, Dylan"]
[Result "0-1"]
[WhiteElo "1984"]
[BlackElo "2237"]
[PlyCount "82"]
[EventDate "2014.??.??"]
[EventRounds "7"]
[EventCountry "SUI"]
[SourceDate "2014.01.01"]

1. e4 e6 2. Nf3 d5 3. e5 c5 4. Bb5+ Bd7 5. Bxd7+ Qxd7 6. O-O Nc6 7. Re1 Nh6 8.
d3 Nf5 9. c3 Be7 10. Bf4 h6 11. g4 Nh4 12. Nxh4 Bxh4 13. Nd2 O-O-O 14. Qe2 Be7
15. a3 Kb8 16. b4 g5 17. Bg3 h5 18. gxh5 Rh7 19. bxc5 Bxc5 20. d4 Bb6 21. Nf1
Na5 22. Ne3 Rc8 23. Rac1 Nc4 24. Ng4 Rhh8 25. h6 Qa4 26. Qf3 Rcf8 27. Ra1 Bd8
28. Qd3 Be7 29. h7 Ka8 30. Nf6 Bxf6 31. exf6 Rc8 32. f4 gxf4 33. Bxf4 Na5 34.
Rac1 Qc4 35. Qh3 Nb3 36. Qh5 Nxc1 37. Rxc1 Qd3 38. Qxf7 Qe4 39. Rf1 Rxh7 40.
Qg7 Rxg7+ 41. fxg7 Qg6+ 0-1

[Event "Schachfestival Basel 2014"]
[Site "Basel"]
[Date "2014.01.03"]
[Round "4.50"]
[White "Wittke, Christian"]
[Black "Ditzler, Juerg"]
[Result "1/2-1/2"]
[WhiteElo "2168"]
[BlackElo "2053"]
[PlyCount "22"]
[EventDate "2014.??.??"]
[EventRounds "7"]
[EventCountry "SUI"]
[SourceDate "2014.01.01"]

1. d4 g6 2. c4 Bg7 3. Nc3 d6 4. e4 e5 5. Be3 Nc6 6. Nge2 f5 7. exf5 gxf5 8. d5
Nce7 9. f4 Nf6 10. g3 Ng6 11. Qd2 Qe7 1/2-1/2